Naturaleza, cultura y antropología ecológica

En este capítulo nos ocupamos del lugar que tiene el hombre en esos amplios sistemas que llamamos "naturaleza". Nos preocupa la ecología de los hombres y la posible importancia de una perspectiva ecológica general en la comprensión y explicación de la cultura humana, y las diferencias y semejanzas e...

Descripción completa

Detalles Bibliográficos
Autor principal: Rappaport, Roy A.
Formato: Analitica de revista
Lenguaje:español
Materias:
Acceso en línea:Acceso electrónico al documento

MARC

LEADER 00000cab a22000007a 4500
008 160309b o 000 spa
040 |a UAHC  |c UAHC  |d UAHC 
100 |a Rappaport, Roy A.   |9 4491 
245 1 0 |a Naturaleza, cultura y antropología ecológica   |c Roy A. Rappaport. 
300 |a 16 p. 
500 |a Sitios visitado (http://www.ecologiasocial.com/biblioteca/RappaportNaturalezaCultura.pdf) el 23 de agosto de 2018.  
520 |a En este capítulo nos ocupamos del lugar que tiene el hombre en esos amplios sistemas que llamamos "naturaleza". Nos preocupa la ecología de los hombres y la posible importancia de una perspectiva ecológica general en la comprensión y explicación de la cultura humana, y las diferencias y semejanzas entre las culturas de pueblos del presente y el pasado. El tema de la ecología, las transacciones entre seres vivientes y entre las cosas vivas y los componentes inanimados de sus habitat, implica el estudio de la conducta, y así la ecología es, en parte, una ciencia de la conducta. Pero dado que la ecología también tiene que ver con los efectos biológicos de estas transacciones sobre aquellos entre quienes tienen lugar, será igualmente una ciencia biológica.  
650 0 |9 1377  |a Ecología 
650 0 |9 883  |a Cultura 
653 |a Antropología ecológica 
856 |u http://www.ecologiasocial.com/biblioteca/RappaportNaturalezaCultura.pdf  |y Acceso electrónico al documento 
900 |a RECURSO ELECTRONICO 
942 |c REVA 
952 |0 0  |1 0  |4 0  |6 RECURSO_ELECTRONICO  |7 0  |8 BAS  |9 93769  |a BC  |b BC  |c General  |d 2020-04-22  |l 0  |o RECURSO ELECTRONICO  |r 2020-04-22 00:00:00  |w 2020-04-22  |y REVA  |A 14  |B ANT 
999 |c 51024  |d 51024